[Event "Junior Online 4NCL Division 2"]
[Site "online"]
[Date "2020.09.17"]
[Round "3.63"]
[White "Bajpayee, Yayin"]
[Black "Brown, Kingsley"]
[Result "0-1"]
[WhiteElo "1300"]
[BlackElo "1300"]
[PlyCount "112"]
[EventDate "2020.09.17"]
[WhiteTeam "Watford Juniors B"]
[BlackTeam "Border Bandits 1"]

1. d4 d5 2. Nf3 Nc6 3. Bf4 Bf5 4. e3 Nf6 5. Nbd2 e6 6. c3 Bd6 7. Bxd6 Qxd6 8.
Be2 O-O 9. O-O e5 10. dxe5 Nxe5 11. Nxe5 Qxe5 12. Nf3 Qe6 13. Nd4 Qe5 14. Nxf5
Qxf5 15. Rc1 Rad8 16. Qb3 b6 17. c4 c5 18. Rfd1 Rfe8 19. cxd5 Nxd5 20. Bd3 Qg5
21. Bc4 Re5 22. f4 Nxf4 23. Rxd8+ Qxd8 24. Bxf7+ Kf8 25. exf4 Qd4+ 26. Kh1 Rf5
27. Rd1 Rxf4 28. h3 Qf6 29. Bc4 g6 30. Qd3 Kg7 31. Qd7+ Kh6 32. Qe6 Qxb2 33.
Qd7 Rxc4 34. Qe8 Rd4 35. Qe7 Rxd1+ 36. Kh2 Qd2 37. Qf8+ Kg5 38. Qe7+ Kf4 39.
Qf6+ Ke4 40. Qe6+ Kd4 41. Qg4+ Kd5 42. Qd7+ Kc4 43. Qa4+ Qb4 44. Qxd1 Kb5 45.
Qe2+ Kc6 46. Qf3+ Kb5 47. Qe2+ Kc6 48. Qf3+ Kd7 49. Qd5+ Ke7 50. Qe5+ Kd7 51.
Qd5+ Kc7 52. Qf7+ Kc6 53. Qf6+ Kb7 54. Qe7+ Ka6 55. Qe2+ Kb7 56. Qe4+ Qxe4 0-1

[Event "Junior Online 4NCL Division 2"]
[Site "online"]
[Date "2020.09.17"]
[Round "3.64"]
[White "Wynn, Jacob"]
[Black "Holland, Nicolas"]
[Result "1-0"]
[WhiteElo "1186"]
[BlackElo "1172"]
[PlyCount "117"]
[EventDate "2020.09.17"]
[WhiteTeam "Border Bandits 1"]
[BlackTeam "Watford Juniors B"]

1. e4 e6 2. d4 d5 3. exd5 exd5 4. Nc3 Nf6 5. Bg5 Be7 6. Nf3 O-O 7. Be2 c6 8.
O-O Ng4 9. Bxe7 Qxe7 10. h3 Nf6 11. Re1 Bf5 12. Bd3 Qd7 13. Na4 Bxd3 14. cxd3
b5 15. Nc5 Qd6 16. b4 Nbd7 17. a3 Nxc5 18. dxc5 Qf4 19. d4 a5 20. bxa5 Rxa5 21.
Qd3 Re8 22. Ne5 Ra6 23. Nd7 Rxe1+ 24. Rxe1 Ra8 25. Nxf6+ Qxf6 26. Re3 h6 27.
Rg3 Re8 28. Re3 Rxe3 29. Qxe3 g5 30. Qe8+ Kg7 31. Qe3 h5 32. Qg3 h4 33. Qg4 Kg6
34. g3 Qf5 35. Qe2 Qxh3 36. Qe5 hxg3 37. fxg3 Qf5 38. Qd6+ Kg7 39. Qxc6 Qb1+
40. Kh2 Qb2+ 41. Kh3 Qxa3 42. Qxd5 b4 43. c6 b3 44. c7 b2 45. Qxg5+ Kh7 46.
Qf5+ Kg7 47. c8=Q b1=Q 48. Qxb1 Qf8 49. Qxf8+ Kxf8 50. d5 Ke7 51. Qb6 Kd7 52.
d6 f6 53. Qc7+ Ke6 54. d7 f5 55. d8=Q f4 56. Qce7+ Kf5 57. Qdf8+ Kg6 58. Qeg7+
Kh5 59. Qfh8# 1-0

[Event "Junior Online 4NCL Division 2"]
[Site "online"]
[Date "2020.09.17"]
[Round "3.65"]
[White "Sapsford, Oliver"]
[Black "Khandelwal, Akshaj"]
[Result "0-1"]
[WhiteElo "1442"]
[BlackElo "1405"]
[PlyCount "72"]
[EventDate "2020.09.17"]
[WhiteTeam "Border Bandits 1"]
[BlackTeam "Watford Juniors B"]

1. e4 e6 2. d4 d5 3. e5 Nc6 4. c3 f6 5. exf6 Nxf6 6. Nf3 Bd6 7. Bb5 O-O 8. Qc2
Ne4 9. Bd3 Nf6 10. Bg5 g6 11. O-O e5 12. dxe5 Bxe5 13. Nxe5 Nxe5 14. Nd2 Nxd3
15. Qxd3 Bf5 16. Qf3 c6 17. Rfe1 Qd6 18. Rad1 Ng4 19. Bf4 Qd7 20. Nb3 Be4 21.
Rxe4 dxe4 22. Rxd7 exf3 23. gxf3 Rxf4 24. Rxb7 Rxf3 25. Rb4 Ne5 26. Re4 Nd3 27.
Kg2 Rxf2+ 28. Kg3 Rxb2 29. Rd4 Ne5 30. Re4 Nf7 31. Ra4 Kg7 32. Nc1 Rc2 33. Nb3
Rxc3+ 34. Kh4 Rd8 35. Rxa7 Re8 36. Kg4 Re4# 0-1

[Event "Junior Online 4NCL Division 2"]
[Site "online"]
[Date "2020.09.17"]
[Round "3.66"]
[White "George, Seb"]
[Black "Goodwin, Robert Rhys"]
[Result "0-1"]
[WhiteElo "1240"]
[BlackElo "1318"]
[PlyCount "82"]
[EventDate "2020.09.17"]
[WhiteTeam "Watford Juniors B"]
[BlackTeam "Border Bandits 1"]

1. e4 c5 2. Nf3 Nc6 3. d4 cxd4 4. Nxd4 Nxd4 5. Qxd4 d6 6. f4 e6 7. Bb5+ Bd7 8.
Nc3 a6 9. Bxd7+ Qxd7 10. e5 d5 11. f5 g6 12. f6 Nh6 13. g4 O-O-O 14. g5 Nf5 15.
Qa7 Qc6 16. Qf2 Bc5 17. Qe2 Nd4 18. Qd3 h6 19. Ne2 Nxe2 20. Qxe2 hxg5 21. Bxg5
Rh5 22. h4 Qb6 23. O-O-O Bd4 24. c4 Qc5 25. b3 Qa3+ 26. Kb1 Bc3 27. Bc1 Qb4 28.
cxd5 Rxe5 29. Qc2 Rexd5 30. Rxd5 exd5 31. Bb2 d4 32. Rh3 Kb8 33. Bxc3 dxc3 34.
Qxc3 Qe4+ 35. Qc2 Rd1+ 36. Kb2 Qd4+ 37. Qc3 Rd2+ 38. Kc1 Rd1+ 39. Kb2 Qf2+ 40.
Qc2 Rd2 41. Qxd2 Qxd2+ 0-1

[Event "Junior Online 4NCL Division 2"]
[Site "online"]
[Date "2020.09.17"]
[Round "3.67"]
[White "Brown, Kingsley"]
[Black "Bajpayee, Yayin"]
[Result "0-1"]
[WhiteElo "1300"]
[BlackElo "1300"]
[PlyCount "76"]
[EventDate "2020.09.17"]
[WhiteTeam "Border Bandits 1"]
[BlackTeam "Watford Juniors B"]

1. e4 e5 2. Nf3 Nc6 3. Bc4 h6 4. Nc3 Nf6 5. d3 Bb4 6. O-O O-O 7. a3 Bxc3 8.
bxc3 d5 9. exd5 Nxd5 10. Bxd5 Qxd5 11. d4 exd4 12. cxd4 Bg4 13. c3 Rfe8 14. Qd3
Re6 15. Nd2 Rg6 16. Bb2 Bf5 17. Qf3 Qd6 18. Rfe1 Bg4 19. Qe3 Bh5 20. Ne4 Qd5
21. Rad1 Bxd1 22. Rxd1 f5 23. Ng3 Rf8 24. Qf4 Qb3 25. Rd2 Ne7 26. Qxc7 Nd5 27.
Qe5 Nxc3 28. Nxf5 Nb1 29. Ne7+ Kh7 30. Qe6 Rxe6 31. h3 Re1+ 32. Kh2 Nxd2 33. d5
Nf3+ 34. Kg3 Ne5+ 35. f3 Rxf3+ 36. gxf3 Qxf3+ 37. Kh2 Re2+ 38. Kg1 Qg2# 0-1

[Event "Junior Online 4NCL Division 2"]
[Site "online"]
[Date "2020.09.17"]
[Round "3.68"]
[White "Holland, Nicolas"]
[Black "Wynn, Jacob"]
[Result "1-0"]
[WhiteElo "1172"]
[BlackElo "1186"]
[PlyCount "23"]
[EventDate "2020.09.17"]
[WhiteTeam "Watford Juniors B"]
[BlackTeam "Border Bandits 1"]

1. e4 e5 2. Nf3 Nc6 3. Nc3 Bc5 4. Bc4 Nf6 5. O-O d6 6. d3 Bg4 7. Nd5 Nxd5 8.
Bxd5 Nd4 9. Be3 Nxf3+ 10. gxf3 Bxf3 11. Qxf3 Bxe3 12. Qxf7# 1-0

[Event "Junior Online 4NCL Division 2"]
[Site "online"]
[Date "2020.09.17"]
[Round "3.71"]
[White "Mykhnenko, Marijka"]
[Black "Rich, Aaron"]
[Result "0-1"]
[WhiteElo "1187"]
[BlackElo "1615"]
[PlyCount "74"]
[EventDate "2020.09.17"]
[WhiteTeam "Warwickshire Bears F"]
[BlackTeam "Hull and Friends 2"]

1. e4 b6 2. d4 e6 3. Nc3 Bb7 4. Nf3 Bb4 5. Bd3 Ne7 6. Bd2 O-O 7. O-O f5 8. e5
Ng6 9. Ne2 Bxf3 10. Bxb4 Bxe2 11. Qxe2 Rf7 12. Qf3 Nc6 13. Ba3 Nxd4 14. Qe3 Nc6
15. c3 f4 16. Qh3 Ncxe5 17. Bxg6 Nxg6 18. Qg4 Rf5 19. Qf3 Ne5 20. Qh3 f3 21. g3
Qe8 22. Rfe1 Rh5 23. Qf1 Rxh2 24. Rxe5 Rg2+ 25. Kh1 d6 26. Rg5 h6 27. Rg4 g5
28. Qxg2 fxg2+ 29. Kxg2 Qf7 30. Rh1 Rf8 31. Rf1 Qf3+ 32. Kh3 Rf5 33. Ra4 h5 34.
Rxa7 g4+ 35. Kh4 Qg2 36. Ra8+ Qxa8 37. f3 Qd8# 0-1

[Event "Junior Online 4NCL Division 2"]
[Site "online"]
[Date "2020.09.17"]
[Round "3.72"]
[White "Wood, Philip A"]
[Black "Gibara, Astrid"]
[Result "1-0"]
[WhiteElo "1532"]
[BlackElo "1150"]
[PlyCount "147"]
[EventDate "2020.09.17"]
[WhiteTeam "Hull and Friends 2"]
[BlackTeam "Warwickshire Bears F"]

1. d4 d5 2. Nc3 Nf6 3. Bf4 Nc6 4. Nf3 e6 5. e3 Bd6 6. Bg3 O-O 7. Bd3 Re8 8. a3
e5 9. dxe5 Nxe5 10. Nxe5 Bxe5 11. Bxe5 Rxe5 12. O-O d4 13. exd4 Qxd4 14. Re1
Rxe1+ 15. Qxe1 Be6 16. Rd1 Qh4 17. Qe3 Ng4 18. Qg3 Qxg3 19. hxg3 g6 20. Be4 c6
21. Bf3 Re8 22. Re1 Kf8 23. Bxg4 Bxg4 24. Rxe8+ Kxe8 25. Ne4 Bf5 26. Nd6+ Ke7
27. Nxf5+ gxf5 28. Kh2 b5 29. Kh3 Kf6 30. g4 Kg5 31. f3 fxg4+ 32. fxg4 a5 33.
Kg3 b4 34. axb4 axb4 35. Kf3 c5 36. Kg3 c4 37. Kf3 c3 38. bxc3 bxc3 39. Kg3 f6
40. Kf3 h5 41. gxh5 Kxh5 42. Kf4 Kg6 43. g4 Kh6 44. Kf5 Kg7 45. g5 fxg5 46.
Kxg5 Kf7 47. Kf5 Ke7 48. Ke5 Kd7 49. Kd5 Kc7 50. Kc4 Kb6 51. Kxc3 Kc5 52. Kd3
Kd5 53. c3 Kc5 54. c4 Kc6 55. Kd4 Kd6 56. c5+ Kc6 57. Kc4 Kc7 58. Kd5 Kb7 59.
Kd6 Kc8 60. Kc6 Kb8 61. Kd7 Kb7 62. c6+ Kb8 63. c7+ Kb7 64. c8=Q+ Kb6 65. Qc6+
Ka5 66. Qb7 Ka4 67. Qb6 Ka3 68. Qb5 Ka2 69. Qb4 Ka1 70. Kc6 Ka2 71. Kc5 Ka1 72.
Kc4 Ka2 73. Kc3 Ka1 74. Qb2# 1-0

[Event "Junior Online 4NCL Division 2"]
[Site "online"]
[Date "2020.09.17"]
[Round "3.73"]
[White "Sareen, Rohan"]
[Black "Meredith, Daniel"]
[Result "1-0"]
[WhiteElo "1112"]
[BlackElo "1247"]
[PlyCount "42"]
[EventDate "2020.09.17"]
[WhiteTeam "Warwickshire Bears F"]
[BlackTeam "Hull and Friends 2"]

1. e4 c5 2. Bc4 Nc6 3. d4 cxd4 4. c3 dxc3 5. bxc3 d6 6. Bf4 Nf6 7. e5 Nxe5 8.
Bxe5 dxe5 9. Qxd8+ Kxd8 10. Nf3 b6 11. Nbd2 e4 12. Nxe4 Nxe4 13. Bd5 Nxc3 14.
Bxa8 Kd7 15. Ne5+ Ke8 16. Bc6+ Kd8 17. Nxf7+ Kc7 18. Nxh8 Kxc6 19. Rc1 Kb7 20.
Rxc3 Be6 21. Rf3 Bxa2 1-0

[Event "Junior Online 4NCL Division 2"]
[Site "online"]
[Date "2020.09.17"]
[Round "3.74"]
[White "Luckhurst, Isaac"]
[Black "Johal, Amraya K"]
[Result "0-1"]
[WhiteElo "1005"]
[BlackElo "1105"]
[PlyCount "26"]
[EventDate "2020.09.17"]
[WhiteTeam "Hull and Friends 2"]
[BlackTeam "Warwickshire Bears F"]

1. e4 e5 2. Nf3 Nc6 3. d4 d6 4. Nc3 Nf6 5. g3 Bg4 6. Bg2 h6 7. O-O Qd7 8. dxe5
dxe5 9. Qe2 Bh3 10. Nxe5 Nxe5 11. g4 Bxg4 12. Bf3 Bxf3 13. Qe3 Qg4# 0-1

[Event "Junior Online 4NCL Division 2"]
[Site "online"]
[Date "2020.09.17"]
[Round "3.75"]
[White "Rich, Aaron"]
[Black "Mykhnenko, Marijka"]
[Result "1-0"]
[WhiteElo "1615"]
[BlackElo "1187"]
[PlyCount "107"]
[EventDate "2020.09.17"]
[WhiteTeam "Hull and Friends 2"]
[BlackTeam "Warwickshire Bears F"]

1. b3 e5 2. Bb2 Nc6 3. e3 d5 4. Bb5 Be6 5. Bxe5 Bd7 6. Bb2 a6 7. Bxc6 Bxc6 8.
Nf3 Nf6 9. Nc3 Qd7 10. Ne2 Ne4 11. Ng3 Nxg3 12. fxg3 O-O-O 13. O-O f6 14. Qe2
Bb5 15. d3 Re8 16. Nd4 Bc6 17. a3 Qd6 18. b4 Bd7 19. Nf5 Qe6 20. Bd4 g6 21. Nh4
Bg7 22. Nf3 Rhg8 23. Rae1 Qg4 24. Qf2 Qe6 25. e4 f5 26. Bxg7 Rxg7 27. Qa7 Kd8
28. exd5 Qxd5 29. Qb8+ Bc8 30. Rxe8+ Kxe8 31. Qxc8+ Kf7 32. Re1 Kf6 33. Qf8+
Rf7 34. Qc5 Qxc5+ 35. bxc5 Rd7 36. Kf2 Rd5 37. d4 Rd7 38. c3 Re7 39. Rxe7 Kxe7
40. Ne5 Ke6 41. Ke3 Kd5 42. Kf4 h6 43. Nxg6 Kc4 44. Kxf5 Kxc3 45. d5 Kc4 46. d6
cxd6 47. cxd6 Kc5 48. d7 Kb5 49. d8=Q Ka4 50. Qb6 Kxa3 51. Ne5 Ka4 52. Nd3 Ka3
53. Qb4+ Ka2 54. Qb2# 1-0

[Event "Junior Online 4NCL Division 2"]
[Site "online"]
[Date "2020.09.17"]
[Round "3.76"]
[White "Gibara, Astrid"]
[Black "Wood, Philip A"]
[Result "1/2-1/2"]
[WhiteElo "1150"]
[BlackElo "1532"]
[PlyCount "144"]
[EventDate "2020.09.17"]
[WhiteTeam "Warwickshire Bears F"]
[BlackTeam "Hull and Friends 2"]

1. e4 e5 2. Nf3 Nc6 3. Nc3 Bc5 4. d3 Nf6 5. Be3 Bb6 6. d4 exd4 7. Nxd4 Nxd4 8.
Bxd4 Bxd4 9. Qxd4 d6 10. O-O-O Be6 11. e5 dxe5 12. Qxe5 Qe7 13. Be2 O-O 14. Bf3
c6 15. h4 Rfe8 16. h5 h6 17. Rh4 Nd7 18. Qd4 Qg5+ 19. Kb1 c5 20. Qf4 Qxf4 21.
Rxf4 Rab8 22. Bg4 Bxg4 23. Rxg4 Nf6 24. Rc4 Nxh5 25. Rxc5 Nf6 26. Nb5 Ne4 27.
Rf5 Nf6 28. Nxa7 Rbd8 29. Rxd8 Rxd8 30. c4 Rd2 31. Kc1 Re2 32. Nb5 Re7 33. Kc2
Rd7 34. Kc3 Re7 35. Kb4 Re2 36. b3 Rxa2 37. Nd6 Ra7 38. Kc5 Ra5+ 39. Kb6 Ra6+
40. Kc7 Rc6+ 41. Kxb7 Rxd6 42. c5 Rd7+ 43. Kc8 Re7 44. c6 Kh7 45. c7 Re8+ 46.
Kb7 Ne4 47. c8=Q Rxc8 48. Re5 Nd6+ 49. Kb6 Re8 50. Rxe8 Nxe8 51. b4 Kg6 52. Kc6
Kf6 53. b5 Ke6 54. b6 Nd6 55. Kc7 f6 56. Kc6 g6 57. Kc5 Ne4+ 58. Kc6 Nd6 59.
Kc5 Kd7 60. f3 h5 61. g3 f5 62. Kd4 Kc6 63. Ke5 Nc4+ 64. Kf6 Kxb6 65. Kxg6 Kc6
66. Kxf5 Nd2 67. f4 Kd6 68. Kg5 Ne4+ 69. Kh4 Nxg3 70. Kxg3 Ke6 71. Kh4 Kf5 72.
Kxh5 Kxf4 1/2-1/2

[Event "Junior Online 4NCL Division 2"]
[Site "online"]
[Date "2020.09.17"]
[Round "3.77"]
[White "Meredith, Daniel"]
[Black "Sareen, Rohan"]
[Result "1-0"]
[WhiteElo "1247"]
[BlackElo "1112"]
[PlyCount "131"]
[EventDate "2020.09.17"]
[WhiteTeam "Hull and Friends 2"]
[BlackTeam "Warwickshire Bears F"]

1. d4 d5 2. c4 dxc4 3. e4 e6 4. Bxc4 e5 5. dxe5 Bb4+ 6. Nc3 Bxc3+ 7. bxc3 Qxd1+
8. Kxd1 Bg4+ 9. f3 Bd7 10. Ba3 Ba4+ 11. Bb3 Bxb3+ 12. axb3 Nc6 13. f4 f6 14.
exf6 Nxf6 15. e5 Ne4 16. Ke1 Nxc3 17. Bb2 Nb4 18. Kd2 Ne4+ 19. Ke2 Nc2 20. Rc1
Nb4 21. Ba3 Na2 22. Rc2 O-O-O 23. Ke3 Rd1 24. Kxe4 Re1+ 25. Kf3 Rd8 26. Rxa2
Rd3+ 27. Kg4 g6 28. Rc2 h5+ 29. Kg5 Rxb3 30. Be7 Kd7 31. Bf6 c5 32. Rxc5 b6 33.
Rc4 b5 34. Rd4+ Kc6 35. Rd6+ Kc5 36. Rd7 Re4 37. Rc7+ Kb6 38. Rd7 Rb2 39. Rd6+
Kc7 40. g3 Re1 41. Bd8+ Kb7 42. Ba5 Ra1 43. Bc3 Rxh2 44. Rxh2 Rxg1 45. Kxg6
Rxg3+ 46. Kxh5 Rxc3 47. Rg2 Rh3+ 48. Kg4 Rc3 49. Kf5 b4 50. Rg7+ Kc8 51. Rh6
Rc7 52. Rxc7+ Kxc7 53. Rd6 Kb7 54. Ke4 Kc7 55. Kd4 Kb7 56. Kc4 a5 57. Kb5 b3
58. Kxa5 b2 59. Rb6+ Ka8 60. Rxb2 Ka7 61. Rb6 Ka8 62. Kb5 Ka7 63. Kc6 Ka8 64.
Kc7 Ka7 65. Re6 Ka8 66. Ra6# 1-0

[Event "Junior Online 4NCL Division 2"]
[Site "online"]
[Date "2020.09.17"]
[Round "3.78"]
[White "Johal, Amraya K"]
[Black "Luckhurst, Isaac"]
[Result "1-0"]
[WhiteElo "1105"]
[BlackElo "1005"]
[PlyCount "55"]
[EventDate "2020.09.17"]
[WhiteTeam "Warwickshire Bears F"]
[BlackTeam "Hull and Friends 2"]

1. e4 e5 2. Nc3 d5 3. f3 Nf6 4. Nh3 Nc6 5. Bb5 dxe4 6. Bxc6+ bxc6 7. fxe4 Ba6
8. Qf3 Nd7 9. d3 Nc5 10. Ng5 Qxg5 11. Bxg5 f6 12. Be3 Bd6 13. O-O O-O 14. Qg3
h5 15. Bh6 Kf7 16. Qxg7+ Ke6 17. Qg4+ Ke7 18. Qxh5 Ke6 19. Qf5+ Ke7 20. Rf3
Nxd3 21. Bxf8+ Kxf8 22. Qxf6+ Ke8 23. Qf7+ Kd8 24. Qg8+ Kd7 25. Qxa8 Ke6 26.
Qg8+ Kd7 27. Rf7+ Ke6 28. Qg6# 1-0

[Event "Junior Online 4NCL Division 2"]
[Site "online"]
[Date "2020.09.17"]
[Round "3.81"]
[White "Walker, Daniel"]
[Black "Benson, Alice"]
[Result "1-0"]
[WhiteElo "1322"]
[BlackElo "740"]
[PlyCount "31"]
[EventDate "2020.09.17"]
[WhiteTeam "Robin Hoods 2"]
[BlackTeam "Phones Juniors B"]

1. e4 c6 2. Nc3 d5 3. Nf3 dxe4 4. Nxe4 Bf5 5. Ng3 Bg6 6. h4 h6 7. Ne5 Bh7 8.
Qh5 Qd5 9. Bc4 Nf6 10. Bxd5 Nxh5 11. Bxf7+ Kd8 12. Nxh5 Bxc2 13. Bc4 Kc7 14. d3
Nd7 15. Ng6 Rh7 16. Bg8 1-0

[Event "Junior Online 4NCL Division 2"]
[Site "online"]
[Date "2020.09.17"]
[Round "3.82"]
[White "Srivastava, Aditya"]
[Black "Tomsett, Jonah"]
[Result "1-0"]
[WhiteElo "654"]
[BlackElo "1300"]
[PlyCount "57"]
[EventDate "2020.09.17"]
[WhiteTeam "Phones Juniors B"]
[BlackTeam "Robin Hoods 2"]

1. e4 e5 2. Nf3 Nc6 3. Bc4 Nf6 4. d3 h6 5. Nc3 Bc5 6. h3 O-O 7. O-O d6 8. Be3
Bxe3 9. fxe3 a6 10. a4 Bd7 11. Ne2 Ne7 12. Ne1 b5 13. axb5 axb5 14. Rxa8 Qxa8
15. Bb3 c5 16. Ng3 b4 17. Nf5 Nxf5 18. exf5 Qc6 19. e4 Bc8 20. Nf3 Bb7 21. Nh4
c4 22. Bxc4 g5 23. fxg6 Kh8 24. Rxf6 Kg7 25. Qf3 Ra8 26. Rxf7+ Kg8 27. Rxb7+
Kh8 28. g7+ Kh7 29. g8=Q# 1-0

[Event "Junior Online 4NCL Division 2"]
[Site "online"]
[Date "2020.09.17"]
[Round "3.83"]
[White "Krasnov, Maksim"]
[Black "Railwani, Tavish"]
[Result "1-0"]
[WhiteElo "1255"]
[BlackElo "100"]
[PlyCount "167"]
[EventDate "2020.09.17"]
[WhiteTeam "Robin Hoods 2"]
[BlackTeam "Phones Juniors B"]

1. e4 e5 2. Nf3 Nc6 3. Bc4 h6 4. Nc3 Nf6 5. d3 Bc5 6. Be3 Bxe3 7. fxe3 O-O 8.
d4 d6 9. O-O Bg4 10. a3 Qe7 11. b4 a6 12. d5 Nb8 13. h3 Bh5 14. g4 Bxg4 15.
hxg4 Nxg4 16. Nh2 Nxe3 17. Qf3 Nxf1 18. Rxf1 Nd7 19. Rf2 Qf6 20. b5 Qxf3 21.
Nxf3 Nf6 22. bxa6 bxa6 23. Rg2 Nh5 24. Be2 Nf4 25. Rh2 Rac8 26. Nh4 c6 27. dxc6
Rxc6 28. Nd5 Nxe2+ 29. Rxe2 Rc5 30. Rg2 g5 31. Nf5 Kh7 32. Nf6+ Kg6 33. Nd7 Ra5
34. Nxf8+ Kh5 35. Rh2+ Kg4 36. Nxh6+ Kf3 37. Rh3+ Kxe4 38. Nxf7 g4 39. Rh4 Kf3
40. Nxd6 Kg3 41. Rh5 Rxa3 42. Nf5+ Kf3 43. Ne6 Ra1+ 44. Kh2 Rf1 45. Ng3 Rf2+
46. Kg1 Kxg3 47. c4 Ra2 48. Rf5 Ra1+ 49. Rf1 Rxf1+ 50. Kxf1 Kh3 51. c5 g3 52.
c6 g2+ 53. Kg1 Kg3 54. c7 a5 55. c8=Q a4 56. Qc3+ Kg4 57. Qxe5 a3 58. Qg5+ Kf3
59. Qf4+ Ke2 60. Nd4+ Kd3 61. Kxg2 a2 62. Nb3 Kc3 63. Qe3+ Kc2 64. Na1+ Kb2 65.
Qd4+ Kb1 66. Qd1+ Kb2 67. Nc2 Kb3 68. Kf2 Kb2 69. Ke3 Kb3 70. Kd3 Ka4 71. Qa1
Kb5 72. Qxa2 Kc5 73. Qa4 Kd5 74. Qb4 Ke5 75. Ke3 Kd5 76. Nd4 Ke5 77. Qc5+ Kf6
78. Qd6+ Kg5 79. Kf3 Kh5 80. Qg3 Kh6 81. Kf4 Kh7 82. Kf5 Kh8 83. Kf6 Kh7 84.
Qg7# 1-0

[Event "Junior Online 4NCL Division 2"]
[Site "online"]
[Date "2020.09.17"]
[Round "3.84"]
[White "Mittal, Advik"]
[Black "Keenan, Isaac"]
[Result "0-1"]
[WhiteElo "100"]
[BlackElo "1285"]
[PlyCount "42"]
[EventDate "2020.09.17"]
[WhiteTeam "Phones Juniors B"]
[BlackTeam "Robin Hoods 2"]

1. e4 e5 2. Nf3 Nf6 3. Bc4 Nxe4 4. Qe2 d5 5. Bb5+ c6 6. Bd3 Bg4 7. Bxe4 dxe4 8.
Qxe4 Bxf3 9. Qxf3 Bc5 10. O-O O-O 11. a3 Nd7 12. Nc3 Nb6 13. b4 Bd4 14. Bb2 Nc4
15. Rab1 Nxd2 16. Qe2 Nxb1 17. Rxb1 Re8 18. Qc4 e4 19. Re1 e3 20. Bc1 exf2+ 21.
Kf1 fxe1=Q# 0-1

[Event "Junior Online 4NCL Division 2"]
[Site "online"]
[Date "2020.09.17"]
[Round "3.85"]
[White "Benson, Alice"]
[Black "Walker, Daniel"]
[Result "1/2-1/2"]
[WhiteElo "740"]
[BlackElo "1322"]
[PlyCount "145"]
[EventDate "2020.09.17"]
[WhiteTeam "Phones Juniors B"]
[BlackTeam "Robin Hoods 2"]

1. d4 d5 2. Bf4 Nf6 3. e3 Bg4 4. Nf3 e6 5. c3 Bd6 6. Bg3 Nc6 7. Bb5 a6 8. Bd3
Bxg3 9. hxg3 Qd6 10. Nbd2 e5 11. dxe5 Nxe5 12. Qc2 Nxd3+ 13. Qxd3 O-O-O 14. Ng5
Qd7 15. f3 Bf5 16. Qe2 Rhe8 17. O-O-O h6 18. Nh3 Qa4 19. Nb3 Qxa2 20. Nd4 Qb1+
21. Kd2 Qxb2+ 22. Ke1 Qxc3+ 23. Qd2 Rxe3+ 24. Kf2 Qxd2+ 25. Rxd2 Re5 26. f4
Ne4+ 27. Ke3 Nxd2+ 28. fxe5 Nc4+ 29. Kf4 Bxh3 30. gxh3 Re8 31. Re1 c5 32. Nf5
g6 33. Nxh6 Re7 34. Ng8 Rc7 35. Nf6 d4 36. Rc1 b5 37. Ne8 Rd7 38. Nd6+ Nxd6 39.
exd6 Rxd6 40. Rxc5+ Kd7 41. Ke4 d3 42. Rc1 d2 43. Rd1 a5 44. Ke3 a4 45. Rxd2
Rxd2 46. Kxd2 Kc6 47. Kc3 Kd5 48. g4 Ke4 49. h4 Kf4 50. h5 Kxg4 51. h6 f5 52.
h7 f4 53. h8=Q f3 54. Qd4+ Kg3 55. Qg1+ Kf4 56. Qxg6 f2 57. Qg2 Ke3 58. Qf1 a3
59. Kb3 b4 60. Qc1+ Ke2 61. Qc2+ Ke1 62. Qe4+ Kd1 63. Qh1+ Ke2 64. Qe4+ Kd1 65.
Qc4 Ke1 66. Qxb4+ Kf1 67. Qe4 a2 68. Kb4 Kg1 69. Qg4+ Kh1 70. Qd1+ Kg2 71. Ka3
f1=Q 72. Qxf1+ Kxf1 73. Kxa2 1/2-1/2

[Event "Junior Online 4NCL Division 2"]
[Site "online"]
[Date "2020.09.17"]
[Round "3.86"]
[White "Tomsett, Jonah"]
[Black "Srivastava, Aditya"]
[Result "0-1"]
[WhiteElo "1300"]
[BlackElo "654"]
[PlyCount "134"]
[EventDate "2020.09.17"]
[WhiteTeam "Robin Hoods 2"]
[BlackTeam "Phones Juniors B"]

1. e4 e5 2. Nf3 Nc6 3. Bc4 h6 4. Nc3 Nf6 5. O-O Bc5 6. a3 O-O 7. d3 d6 8. h3
Nd4 9. Nxd4 Bxd4 10. Qf3 Be6 11. Bxe6 fxe6 12. Qg3 Nh5 13. Qg4 Nf4 14. Ne2
Nxe2+ 15. Qxe2 Qh4 16. Qg4 Qxg4 17. hxg4 Rf6 18. c3 Bb6 19. b4 Raf8 20. Be3
Bxe3 21. fxe3 Rg6 22. Rxf8+ Kxf8 23. Rf1+ Ke7 24. d4 Rxg4 25. dxe5 dxe5 26. Rc1
Rxe4 27. Re1 Rc4 28. Rc1 Kf6 29. Rf1+ Kg6 30. Rc1 Kf5 31. Rf1+ Kg6 32. Rc1 c5
33. bxc5 Rxc5 34. a4 b6 35. c4 Kf5 36. Kf2 Ke4 37. g3 Kd3 38. Kf3 e4+ 39. Kf4
Rf5+ 40. Kg4 h5+ 41. Kh4 g5+ 42. Kxh5 Kxe3 43. g4 Ra5 44. Ra1 Kf4 45. Rf1+ Ke3
46. Ra1 Kf2 47. Ra2+ Kf3 48. Ra3+ e3 49. Kg6 Kf2 50. Ra2+ e2 51. Rd2 Kf1 52.
Rxe2 Kxe2 53. Kf6 Rxa4 54. Kxe6 Rxc4 55. Kd6 Rxg4 56. Kc6 Ra4 57. Kb7 a5 58.
Kxb6 Rf4 59. Kxa5 g4 60. Kb5 g3 61. Kc5 g2 62. Kd5 g1=Q 63. Ke5 Qe3+ 64. Kd6
Rd4+ 65. Kc7 Qc3+ 66. Kb6 Rb4+ 67. Ka5 Qa3# 0-1

[Event "Junior Online 4NCL Division 2"]
[Site "online"]
[Date "2020.09.17"]
[Round "3.87"]
[White "Railwani, Tavish"]
[Black "Krasnov, Maksim"]
[Result "0-1"]
[WhiteElo "100"]
[BlackElo "1255"]
[PlyCount "100"]
[EventDate "2020.09.17"]
[WhiteTeam "Phones Juniors B"]
[BlackTeam "Robin Hoods 2"]

1. e4 e5 2. Nf3 Nc6 3. Bb5 f6 4. O-O Bc5 5. Nc3 a6 6. Bc4 d6 7. d3 Bg4 8. Bd2
Nd4 9. a3 Nxf3+ 10. Kh1 Nxd2 11. Qxd2 c6 12. b4 Bd4 13. Rab1 Bxc3 14. Qxc3 d5
15. Bb3 d4 16. Qc4 Ne7 17. Ba2 b5 18. Qb3 a5 19. Rbe1 axb4 20. Qxb4 Qa5 21.
Qxa5 Rxa5 22. Ra1 Bh5 23. h3 Bf7 24. Bxf7+ Kxf7 25. c4 bxc4 26. dxc4 Rha8 27.
Rfd1 Rxa3 28. Rac1 d3 29. Rb1 Rd8 30. Rb2 d2 31. Rbxd2 Rxd2 32. Rxd2 Rc3 33.
Ra2 Rxc4 34. Ra7 Rxe4 35. Kh2 c5 36. Rc7 c4 37. Kg3 Ke6 38. Kf3 Rf4+ 39. Ke3
Nd5+ 40. Kd2 Nxc7 41. Kc3 Nb5+ 42. Kb4 c3+ 43. Kb3 Kd5 44. f3 Rc4 45. Kc2 Na3+
46. Kc1 c2 47. g4 Kd4 48. h4 Kc3 49. g5 Rb4 50. gxf6 Rb1# 0-1

[Event "Junior Online 4NCL Division 2"]
[Site "online"]
[Date "2020.09.17"]
[Round "3.88"]
[White "Keenan, Isaac"]
[Black "Mittal, Advik"]
[Result "0-1"]
[WhiteElo "1285"]
[BlackElo "100"]
[PlyCount "82"]
[EventDate "2020.09.17"]
[WhiteTeam "Robin Hoods 2"]
[BlackTeam "Phones Juniors B"]

1. d4 Nf6 2. Bf4 e6 3. Nf3 Bb4+ 4. c3 Ba5 5. e3 O-O 6. Bd3 d5 7. Qc2 Nc6 8. Ng5
g6 9. Nd2 b6 10. O-O-O Ng4 11. Ndf3 f5 12. h3 Nh6 13. h4 Re8 14. Nh3 Ng4 15.
Bg5 Qd7 16. Ne5 Ncxe5 17. dxe5 Nxe5 18. Nf4 Nxd3+ 19. Rxd3 Ba6 20. Rdd1 e5 21.
Rxd5 Qf7 22. b4 Bb7 23. Rdd1 Bxg2 24. Rhg1 Bf3 25. Rd2 exf4 26. Bxf4 Be4 27.
Qa4 Bxb4 28. Qxb4 Rad8 29. Rxd8 Rxd8 30. Rd1 Rxd1+ 31. Kxd1 Bf3+ 32. Kc1 Bg4
33. Bxc7 Qxc7 34. e4 fxe4 35. Qxe4 Bh3 36. Qe8+ Kg7 37. Qe3 Bf5 38. Qd4+ Kg8
39. Qd5+ Kh8 40. Qd1 Qxc3+ 41. Qc2 Qxc2# 0-1

[Event "Junior Online 4NCL Division 2"]
[Site "online"]
[Date "2020.09.17"]
[Round "3.91"]
[White "Benhamou, Nathan"]
[Black "Terrado, Rhianne"]
[Result "0-1"]
[WhiteElo "1322"]
[BlackElo "1202"]
[PlyCount "52"]
[EventDate "2020.09.17"]
[WhiteTeam "Harrow Juniors C"]
[BlackTeam "Ojays F"]

1. e4 e5 2. Nf3 Nc6 3. Nc3 Nf6 4. Bb5 Bc5 5. Nxe5 a6 6. Nxc6 dxc6 7. Bc4 Ng4 8.
O-O Qf6 9. Qe2 Bd7 10. d3 O-O-O 11. Be3 Qe5 12. g3 h5 13. d4 Bxd4 14. Bxd4 Qxd4
15. Bxf7 h4 16. gxh4 Qe5 17. f4 Qc5+ 18. Kh1 Rxh4 19. Rae1 Rxh2+ 20. Qxh2 Nxh2
21. Kxh2 Rh8+ 22. Kg3 Rh3+ 23. Kg2 Qd6 24. Rf3 Qd2+ 25. Rf2 Qxe1 26. Bc4 Qh1#
0-1